[Event "Rated Blitz game"]
[Site "?"]
[Date "2021.10.30"]
[Round "?"]
[White "crazy955"]
[Black "Taabling"]
[Result "1-0"]
[WhiteElo "2496"]
[BlackElo "2516"]
[PlyCount "125"]
[EventDate "2021.??.??"]
[EventType "blitz"]

1. e4 e5 2. Nf3 d5 3. Nxe5 Bd6 4. d4 dxe4 5. Nc4 Nf6 6. Nxd6+ Qxd6 7. Be2 Nc6
8. Be3 O-O 9. O-O Nd5 10. c4 Nxe3 11. fxe3 f5 12. Nc3 a6 13. Qe1 Bd7 14. Qg3
Qxg3 15. hxg3 Rf7 16. Nd5 Be6 17. Nf4 Bd7 18. c5 Kh8 19. Bc4 Rff8 20. Nd5 Rac8
21. a3 g6 22. b4 Nd8 23. Rac1 Be6 24. Ne7 Bxc4 25. Rxc4 Rb8 26. g4 Nc6 27. Nd5
Rf7 28. Rc2 Rbf8 29. Rcf2 Kg7 30. Nf4 Nd8 31. g5 Rd7 32. g4 Rff7 33. gxf5 Rxf5
34. Nh5+ gxh5 35. Rxf5 c6 36. Kh2 Ne6 37. Re5 Nc7 38. Rxe4 Nd5 39. Re5 h4 40.
Kh3 Kg6 41. Kxh4 Ne7 42. Rf6+ Kg7 43. Kh5 Ng6 44. Ref5 a5 45. bxa5 Re7 46. Rf3
Re4 47. Rh3 Ne7 48. Rf4 Re6 49. Kg4 Nd5 50. Rff3 Re4+ 51. Kf5 Re7 52. e4 Nc7
53. e5 Nd5 54. Ke4 Rd7 55. Rh6 Nc7 56. Rfh3 Kg8 57. g6 Ne6 58. gxh7+ Kh8 59.
Rd3 Rg7 60. Rxe6 Rxh7 61. Rg3 Rh4+ 62. Kf5 Rh3 63. Rxh3+ {Normal} 1-0

[Event "Rated Blitz game"]
[Site "?"]
[Date "2021.10.30"]
[Round "?"]
[White "BEAST_MODE_ON"]
[Black "miguelsanchez65"]
[Result "1-0"]
[WhiteElo "2493"]
[BlackElo "2449"]
[PlyCount "103"]
[EventDate "2021.??.??"]
[EventType "blitz"]

1. e4 e5 2. Nf3 d5 3. d4 dxe4 4. Nxe5 Bd6 5. Nc3 Bxe5 6. dxe5 Qxd1+ 7. Kxd1 Nc6
8. Bb5 Bd7 9. Bf4 Nge7 10. Nxe4 Ng6 11. Bg3 Ngxe5 12. Nc5 O-O-O 13. Nxd7 Rxd7+
14. Kc1 Rd5 15. Bxc6 Nxc6 16. Rd1 Rhd8 17. Rxd5 Rxd5 18. c3 f5 19. Kc2 g5 20.
f3 f4 21. Bf2 Kd7 22. h4 h6 23. hxg5 hxg5 24. Rh1 b6 25. Rh7+ Kd6 26. a3 a5 27.
c4 Re5 28. Rh6+ Kd7 29. Kd3 a4 30. Rg6 Ne7 31. Rg7 Ke6 32. Bd4 Ra5 33. Bc3 Rf5
34. Ke4 Rc5 35. Rxe7+ Kxe7 36. Bb4 Kd6 37. Kd4 Kc6 38. Bxc5 bxc5+ 39. Ke5 Kd7
40. Kd5 c6+ 41. Kxc5 Kc7 42. Kb4 Kd6 43. Kxa4 Kc5 44. Kb3 Kd4 45. a4 Ke3 46. a5
Kf2 47. a6 Kxg2 48. a7 g4 49. a8=Q gxf3 50. Qxc6 Kg3 51. Kc2 f2 52. Qh1 {Normal
} 1-0

[Event "Rated Rapid game"]
[Site "?"]
[Date "2021.10.30"]
[Round "?"]
[White "schnoopdoop"]
[Black "alrivz01"]
[Result "1-0"]
[WhiteElo "2403"]
[BlackElo "2314"]
[PlyCount "30"]
[EventDate "2021.??.??"]
[EventType "rapid"]

1. e4 e5 2. Nf3 d5 3. exd5 e4 4. Qe2 Nf6 5. Nc3 Be7 6. Nxe4 Nxd5 7. d4 O-O 8.
Qd1 Re8 9. Bd3 Bb4+ 10. c3 Bxc3+ 11. bxc3 Nxc3 12. Qc2 Nxe4 13. Bxe4 f5 14. Ng5
Rxe4+ 15. Nxe4 f4 {Normal} 1-0

[Event "Rated Blitz game"]
[Site "?"]
[Date "2021.10.30"]
[Round "?"]
[White "gsoppe"]
[Black "khalid_ontawar"]
[Result "0-1"]
[WhiteElo "2492"]
[BlackElo "2442"]
[PlyCount "72"]
[EventDate "2021.??.??"]
[EventType "blitz"]

1. e4 e5 2. Nf3 d5 3. d4 dxe4 4. Nxe5 Be6 5. Nc3 Nf6 6. Bg5 Be7 7. Be2 Nbd7 8.
O-O Bf5 9. Bc4 O-O 10. Qe2 c5 11. Nxd7 Nxd7 12. Be3 cxd4 13. Bxd4 Bf6 14. Bxf6
Nxf6 15. h3 Qc7 16. Bb3 a6 17. Rad1 Rad8 18. Rxd8 Rxd8 19. Rd1 Rxd1+ 20. Qxd1
h6 21. Nd5 Nxd5 22. Qxd5 Bg6 23. a4 Kh7 24. a5 Kg8 25. Bc4 Kh7 26. b4 Qe7 27.
Qc5 Qd7 28. Bd5 f5 29. c4 f4 30. Qb6 f3 31. Qe6 Qd8 32. gxf3 exf3 33. Be4 Qg5+
34. Kh1 Qc1+ 35. Kh2 Qf4+ 36. Kh1 Bxe4 {Normal} 0-1

[Event "Rated Blitz game"]
[Site "?"]
[Date "2021.10.30"]
[Round "?"]
[White "Alexej-MHL"]
[Black "Annali-annaliew1979"]
[Result "1-0"]
[WhiteElo "2361"]
[BlackElo "2472"]
[PlyCount "39"]
[EventDate "2021.??.??"]
[EventType "blitz"]

1. e4 e5 2. Nf3 d5 3. Nc3 dxe4 4. Nxe4 f5 5. Ng3 e4 6. Ne5 Nf6 7. d4 Be6 8. Bg5
Bd6 9. Be2 Nc6 10. Bb5 O-O 11. Nxc6 bxc6 12. Bxc6 Rb8 13. d5 Bc8 14. O-O Rxb2
15. Qd4 Rxc2 16. Nh5 Bxh2+ 17. Kh1 Bd6 18. Nxf6+ gxf6 19. Bh6 Qe8 20. Bxe8 {
Normal} 1-0

[Event "Rated Blitz game"]
[Site "?"]
[Date "2021.10.30"]
[Round "?"]
[White "mahmadddd"]
[Black "larsental3"]
[Result "1-0"]
[WhiteElo "2286"]
[BlackElo "2422"]
[PlyCount "99"]
[EventDate "2021.??.??"]
[EventType "blitz"]

1. e4 e5 2. Nf3 d5 3. exd5 e4 4. Bb5+ Bd7 5. Bxd7+ Qxd7 6. Qe2 Nf6 7. c4 Be7 8.
Ng5 Qf5 9. h4 O-O 10. Nc3 Re8 11. Ngxe4 Nbd7 12. O-O Nxe4 13. Qxe4 Qxe4 14.
Nxe4 Bxh4 15. d3 Ne5 16. Rd1 Nxd3 17. Rxd3 Rxe4 18. c5 Re1+ 19. Kh2 Bxf2 20. b4
Rae8 21. Bb2 Rxa1 22. Bxa1 Bh4 23. d6 cxd6 24. cxd6 Rd8 25. Be5 Kf8 26. Rc3 Ke8
27. Rc7 Rd7 28. Rc8+ Bd8 29. Kh3 f6 30. Bf4 g5 31. Bh2 Kf7 32. a4 h5 33. g4
hxg4+ 34. Kxg4 Ke6 35. b5 Bb6 36. Re8+ Kd5 37. Re7 Rxd6 38. Bxd6 Kxd6 39. Rxb7
Kd5 40. Kf5 Bd4 41. Rc7 Kd6 42. Rc6+ Kd5 43. a5 a6 44. Rxa6 Kc4 45. b6 Be5 46.
b7 Kb5 47. Ra8 Kc6 48. b8=Q Bxb8 49. Rxb8 Kc7 50. Rb1 {Time forfeit} 1-0

[Event "Rated Blitz game"]
[Site "?"]
[Date "2021.10.30"]
[Round "?"]
[White "LevPaukman"]
[Black "Annali-annaliew1979"]
[Result "0-1"]
[WhiteElo "2612"]
[BlackElo "2480"]
[PlyCount "102"]
[EventDate "2021.??.??"]
[EventType "blitz"]

1. e4 e5 2. Nf3 d5 3. Nxe5 Qe7 4. d4 f6 5. Nd3 Nc6 6. c3 Bf5 7. Be2 Bxe4 8. O-O
Qf7 9. Bf3 Bd6 10. Re1 f5 11. Bf4 Nf6 12. Bxd6 cxd6 13. Nf4 O-O 14. Nd2 Rae8
15. Be2 g5 16. Nh5 f4 17. Nxf6+ Qxf6 18. Bh5 Re7 19. Bf3 Rfe8 20. Bh5 Bg6 21.
Rxe7 Rxe7 22. Bxg6 Qxg6 23. h3 h6 24. Qb3 Qf5 25. Nf3 Kg7 26. Kh2 b6 27. Re1
Rxe1 28. Nxe1 Na5 29. Qc2 Qe4 30. Nd3 Nc4 31. b3 Na5 32. Qd2 Nc6 33. f3 Qe6 34.
Nf2 Ne7 35. Qd3 Nf5 36. Qa6 Qe7 37. Qb5 Qe6 38. Qa6 Qe7 39. Qb5 Qf7 40. Qc6 h5
41. Nd3 Qe6 42. Nb4 Ne3 43. Qc7+ Kg6 44. Qd8 g4 45. h4 g3+ 46. Kg1 Nxg2 47.
Qg5+ Kf7 48. Qxh5+ Ke7 49. Qh7+ Ke8 50. Qh8+ Kd7 51. Qg7+ Kc8 {Time forfeit}
0-1

[Event "Rated Blitz tournament XKAxM1qN"]
[Site "?"]
[Date "2021.10.30"]
[Round "?"]
[White "fandi79_kbpl"]
[Black "sugeng_prasetyo"]
[Result "0-1"]
[WhiteElo "2236"]
[BlackElo "2703"]
[PlyCount "126"]
[EventDate "2021.??.??"]
[EventType "blitz"]

1. e4 e5 2. Nf3 d5 3. Nxe5 Bd6 4. d4 dxe4 5. Nc4 Nf6 6. Be2 h5 7. Nc3 Bb4 8.
O-O Nc6 9. Be3 Be6 10. a3 Bxc3 11. bxc3 Nd5 12. Qd2 Qd7 13. a4 O-O-O 14. a5 Bg4
15. a6 b6 16. f3 exf3 17. Bxf3 Rde8 18. Bf4 Bxf3 19. Rxf3 f6 20. Ne3 Re4 21.
Nxd5 Qxd5 22. Raf1 Rhe8 23. Bg3 Re2 24. Qf4 Qd7 25. d5 Nb8 26. Qc4 Rxc2 27. d6
h4 28. dxc7 hxg3 29. cxb8=Q+ Kxb8 30. Rxg3 Rce2 31. Qf4+ R2e5 32. Re3 Qc7 33.
Rxe5 Rxe5 34. Qg3 Rg5 35. Qf3 Qc5+ 36. Kh1 Qd5 37. Qh3 Kc7 38. Re1 Re5 39. Qg3
Kc6 40. Rf1 Re7 41. h3 Kb5 42. Rb1+ Kxa6 43. Ra1+ Kb7 44. c4 Qxc4 45. Rd1 Qc7
46. Qf3+ Qc6 47. Qg4 Rc7 48. Rd8 a5 49. Rg8 g5 50. Qf5 Qc1+ 51. Kh2 Qf4+ 52.
Qxf4 gxf4 53. Rf8 a4 54. h4 a3 55. Re8 b5 56. Re1 b4 57. h5 a2 58. Kh3 b3 59.
Kg4 b2 60. Kf5 b1=Q+ 61. Rxb1+ axb1=Q+ 62. Kxf6 Qb5 63. h6 Ka7 {Time forfeit}
0-1

[Event "Rated Blitz game"]
[Site "?"]
[Date "2021.10.30"]
[Round "?"]
[White "AntoniodelaTorre"]
[Black "DOOGE228"]
[Result "1-0"]
[WhiteElo "2510"]
[BlackElo "2490"]
[PlyCount "61"]
[EventDate "2021.??.??"]
[EventType "blitz"]

1. e4 e5 2. Nf3 d5 3. Nxe5 Bd6 4. d4 dxe4 5. Nc4 Nf6 6. Nc3 O-O 7. Bg5 Be7 8.
Qd2 Nc6 9. O-O-O Bg4 10. Be2 Bxe2 11. Nxe2 Qd5 12. b3 Rad8 13. Kb1 b5 14. Nb2
h6 15. Bf4 Qd7 16. g4 Nd5 17. Be3 Qxg4 18. Rhg1 Qh5 19. Ng3 Qf3 20. Bxh6 Nc3+
21. Ka1 Nxd1 22. Bxg7 e3 23. fxe3 Bg5 24. Nxd1 Kxg7 25. Qd3 f5 26. h4 Ne5 27.
Qxb5 Ng4 28. hxg5 Qd5 29. Nh5+ Kg6 30. Nf4+ Kxg5 31. Nxd5 {Normal} 1-0

[Event "Rated Blitz game"]
[Site "?"]
[Date "2021.10.30"]
[Round "?"]
[White "NormWeinstein"]
[Black "RiskyBlitzer"]
[Result "1/2-1/2"]
[WhiteElo "2558"]
[BlackElo "2464"]
[PlyCount "126"]
[EventDate "2021.??.??"]
[EventType "blitz"]

1. e4 e5 2. Nf3 d5 3. d4 dxe4 4. Nxe5 Bd6 5. Bf4 Nc6 6. Bb5 Bd7 7. Nc3 Bxe5 8.
Bxe5 Nxe5 9. dxe5 Bxb5 10. Qxd8+ Rxd8 11. Nxb5 Rd7 12. Nxa7 c6 13. Nc8 Ne7 14.
Nd6+ Kf8 15. Nxe4 Ng6 16. e6 fxe6 17. O-O Ke7 18. Rfe1 Rd5 19. c4 Re5 20. g3
Rd8 21. f4 Ra5 22. Ng5 e5 23. Nf3 Kf6 24. fxe5+ Nxe5 25. Nxe5 Rxe5 26. Rxe5
Kxe5 27. Re1+ Kf6 28. Re2 Rd4 29. b3 Rd3 30. Kf2 g5 31. Ke1 h5 32. Rd2 Rc3 33.
Rd7 Rc2 34. Rc7 Rxh2 35. a4 h4 36. gxh4 gxh4 37. Rxb7 Ke6 38. Rh7 Kd6 39. b4
Ra2 40. Rh6+ Kc7 41. Rxh4 Rxa4 42. c5 Ra2 43. Kd1 Kb7 44. Kc1 Ka6 45. Kb1 Rg2
46. Rh8 Rg4 47. Rb8 Rg6 48. Kb2 Ka7 49. Rb6 Rf6 50. Kb3 Re6 51. Ka4 Rh6 52. Ka5
Rg6 53. b5 Rg1 54. Rxc6 Ra1+ 55. Kb4 Kb7 56. Rb6+ Kc7 57. Kc4 Rd1 58. Kb4 Ra1
59. Ra6 Rb1+ 60. Kc4 Rc1+ 61. Kb4 Rb1+ 62. Kc4 Rc1+ 63. Kb4 Rb1+ {Normal}
1/2-1/2

[Event "Rated Blitz game"]
[Site "?"]
[Date "2021.10.30"]
[Round "?"]
[White "someoneelse2020"]
[Black "Sanek1206"]
[Result "1-0"]
[WhiteElo "2452"]
[BlackElo "2492"]
[PlyCount "43"]
[EventDate "2021.??.??"]
[EventType "blitz"]

1. e4 e5 2. Nf3 d5 3. Nxe5 Qe7 4. d4 dxe4 5. Bc4 Be6 6. Bxe6 Qxe6 7. Qe2 Nd7 8.
Nxd7 Kxd7 9. O-O f5 10. c4 c6 11. Bf4 Nf6 12. Nc3 Bb4 13. d5 Qf7 14. dxc6+ Kxc6
15. Nd5 Bd6 16. Bxd6 Kxd6 17. Rad1 Nxd5 18. Rxd5+ Kc7 19. Qe3 Rad8 20. Qf4+ Kc8
21. Rxf5 Qe6 22. Rc5+ {Normal} 1-0

[Event "Rated Blitz game"]
[Site "?"]
[Date "2021.10.30"]
[Round "?"]
[White "Shamsutdin"]
[Black "RiskyBlitzer"]
[Result "1-0"]
[WhiteElo "2500"]
[BlackElo "2495"]
[PlyCount "135"]
[EventDate "2021.??.??"]
[EventType "blitz"]

1. e4 e5 2. Nf3 d5 3. Nxe5 dxe4 4. d4 Bd6 5. Nc4 Nc6 6. Nxd6+ Qxd6 7. c3 Nf6 8.
Be2 O-O 9. Be3 Nd5 10. Nd2 f5 11. g3 Kh8 12. Nc4 Qe7 13. Qd2 b5 14. Ne5 Nxe5
15. dxe5 Nxe3 16. fxe3 Qxe5 17. O-O-O Be6 18. Kb1 a5 19. Qd4 Qxd4 20. cxd4 c6
21. Rc1 Bd5 22. Rc5 Rfb8 23. Rhc1 g6 24. h4 Kg7 25. g4 a4 26. gxf5 gxf5 27.
Rg1+ Kf6 28. Rf1 Ke6 29. h5 b4 30. Bc4 b3 31. Rxc6+ Kd7 32. Bxd5 Ra5 33. Rc5
bxa2+ 34. Kxa2 Rbb5 35. Rxf5 Rxc5 36. dxc5 a3 37. b4 Ra4 38. Bb3 Ra7 39. Rf7+
Kc6 40. Rxa7 Kb5 41. Rxh7 Kxb4 42. Ra7 Kc3 43. Rxa3 Kd2 44. Ra4 Kxe3 45. Rxe4+
Kxe4 46. h6 Kd4 47. h7 Kxc5 48. h8=Q Kd6 49. Qb2 Kc6 50. Bd5+ Kd6 51. Qc2 Ke5
52. Kb2 Kd6 53. Bc6 Ke5 54. Qc3+ Kf4 55. Kb3 Kf5 56. Kb4 Kf4 57. Qc4+ Ke5 58.
Kb5 Kf6 59. Bb7 Kf5 60. Qc5+ Kf6 61. Kc6 Kg6 62. Qd5 Kg7 63. Qe5+ Kh6 64. Qg3
Kh5 65. Kd6 Kh6 66. Ke6 Kh7 67. Kf7 Kh6 68. Qg6# {Normal} 1-0

[Event "Rated Blitz tournament 8A5Y5Spj"]
[Site "?"]
[Date "2021.10.30"]
[Round "?"]
[White "Edsel_montoya0506"]
[Black "Jorny_Too_Pass"]
[Result "1-0"]
[WhiteElo "2518"]
[BlackElo "2329"]
[PlyCount "87"]
[EventDate "2021.??.??"]
[EventType "blitz"]

1. e4 e5 2. Nf3 d5 3. exd5 e4 4. Qe2 Nf6 5. d3 Qxd5 6. Nc3 Bb4 7. Nd2 Bxc3 8.
bxc3 O-O 9. Nxe4 Nxe4 10. Qxe4 Qc5 11. Qd4 Re8+ 12. Be3 Qa5 13. Qb4 Qg5 14. Kd2
Qg6 15. Qf4 Nc6 16. h4 h6 17. h5 Qe6 18. Qxc7 Ne5 19. Be2 Bd7 20. Qc5 b6 21.
Qd4 Bc6 22. Qf4 Rad8 23. Kc1 Qd6 24. a4 Re6 25. Rh3 Rf6 26. Qh4 Re8 27. Rg3 Kh8
28. Bd4 Rf5 29. f4 Nd7 30. Rxg7 f6 31. Rg6 Rxe2 32. Rxh6+ Kg7 33. Qg4+ Kf7 34.
Rh7+ Ke8 35. Qxe2+ Kd8 36. g3 Rd5 37. Rh8+ Kc7 38. Qe8 Bb7 39. Qd8+ Kc6 40. Rh7
Qe6 41. Kd2 Qh3 42. Re1 Qxg3 43. Re6+ Rd6 44. Qxd7+ {Normal} 1-0

[Event "Rated Blitz game"]
[Site "?"]
[Date "2021.10.30"]
[Round "?"]
[White "V_vs"]
[Black "mirekkk14"]
[Result "1-0"]
[WhiteElo "2578"]
[BlackElo "2406"]
[PlyCount "41"]
[EventDate "2021.??.??"]
[EventType "blitz"]

1. e4 e5 2. Nf3 d5 3. exd5 e4 4. Qe2 Nf6 5. Nc3 Be7 6. Nxe4 O-O 7. Nxf6+ Bxf6
8. d4 Qxd5 9. Be3 Bg4 10. h3 Bxf3 11. Qxf3 Qxf3 12. gxf3 Nc6 13. O-O-O Rad8 14.
c3 Ne7 15. Bc4 Rfe8 16. Rhe1 Nf5 17. Bf4 c6 18. Bd3 Nh4 19. Be4 g6 20. Kc2 Bg7
21. Bg5 {Normal} 1-0

[Event "Rated Blitz game"]
[Site "?"]
[Date "2021.10.30"]
[Round "?"]
[White "ReySolis"]
[Black "khalid_ontawar"]
[Result "1-0"]
[WhiteElo "2373"]
[BlackElo "2430"]
[PlyCount "127"]
[EventDate "2021.??.??"]
[EventType "blitz"]

1. e4 e5 2. Nf3 d5 3. Nc3 dxe4 4. Nxe4 f5 5. Ng3 e4 6. Qe2 Qe7 7. Nd4 g6 8. f3
Bg7 9. Nb5 c6 10. Nc3 exf3 11. Qxe7+ Nxe7 12. gxf3 O-O 13. Bc4+ Kh8 14. d3 Re8
15. Kf1 Ng8 16. a4 Be6 17. Bxe6 Rxe6 18. Kf2 Bd4+ 19. Kg2 Nd7 20. Bf4 h6 21.
Rae1 Rae8 22. Bd2 Kg7 23. Rxe6 Rxe6 24. Re1 Rxe1 25. Bxe1 h5 26. h4 Ngf6 27.
Nge2 Bb6 28. Bf2 Bxf2 29. Kxf2 Ne5 30. Ke3 Kf7 31. Nf4 Nfd7 32. b3 Kf6 33. Nh3
Nf7 34. d4 Nb6 35. Nf4 Nd6 36. Kd3 Nf7 37. Nce2 Nd7 38. c4 Nd8 39. Nc3 Ne6 40.
Nce2 Nxf4+ 41. Nxf4 Nf8 42. b4 Ne6 43. Nxe6 Kxe6 44. f4 Kd6 45. a5 b6 46. a6 b5
47. Kc3 Ke6 48. d5+ cxd5 49. cxb5 Kd6 50. b6 axb6 51. a7 d4+ 52. Kxd4 Kc7 53.
a8=Q g5 54. fxg5 f4 55. Qf8 Kc6 56. Qxf4 Kb5 57. g6 Kxb4 58. g7 b5 59. g8=Q Ka3
60. Qgb8 b4 61. Kd3 b3 62. Qfb4+ Ka2 63. Qxb3+ Ka1 64. Qb2# {Normal} 1-0

[Event "Rated Blitz game"]
[Site "?"]
[Date "2021.10.30"]
[Round "?"]
[White "Pohvalit_Aleksandr"]
[Black "Annali-annaliew1979"]
[Result "0-1"]
[WhiteElo "2460"]
[BlackElo "2474"]
[PlyCount "98"]
[EventDate "2021.??.??"]
[EventType "blitz"]

1. e4 e5 2. Nf3 d5 3. exd5 e4 4. Nd4 c5 5. Nb3 f5 6. d3 Nf6 7. dxe4 fxe4 8. c4
Bd6 9. Nc3 O-O 10. Be3 b6 11. Be2 a6 12. h3 Bf5 13. Qd2 Nbd7 14. g4 Bg6 15. h4
Ne5 16. h5 Bf7 17. g5 Nfd7 18. Nxe4 Qe7 19. Nxd6 Qxd6 20. g6 hxg6 21. h6 Rae8
22. hxg7 Kxg7 23. Bh6+ Kg8 24. Bxf8 Qxf8 25. O-O-O Qg7 26. Rh2 Nf6 27. Rdh1 Nh5
28. Bxh5 gxh5 29. Qc3 Qh6+ 30. Kb1 Bg6+ 31. Ka1 Ng4 32. Rg2 Qf4 33. f3 Re3 34.
Rxg4 hxg4 35. Qh8+ Kf7 36. fxg4 Rf3 37. Re1 Rf1 38. Qe8+ Kg7 39. Qe7+ Bf7 40.
Nd2 Qf2 41. Qg5+ Bg6 42. Rb1 Rxb1+ 43. Nxb1 Qe1 44. Qxg6+ Kxg6 45. a3 b5 46.
cxb5 axb5 47. Ka2 b4 48. axb4 cxb4 49. Kb3 Qxb1 {Normal} 0-1

[Event "Rated Blitz game"]
[Site "?"]
[Date "2021.10.30"]
[Round "?"]
[White "Nicah"]
[Black "Benny_Watts_2005"]
[Result "1-0"]
[WhiteElo "2518"]
[BlackElo "2414"]
[PlyCount "83"]
[EventDate "2021.??.??"]
[EventType "blitz"]

1. e4 e5 2. Nf3 d5 3. exd5 e4 4. Qe2 Nf6 5. Nc3 Be7 6. Nxe4 O-O 7. d3 Nxd5 8.
Qd1 Re8 9. Be2 c5 10. O-O Nc6 11. Bg5 Bf5 12. Bxe7 Qxe7 13. Ng3 Bg6 14. Re1 Qc7
15. Bf1 b6 16. Qd2 h6 17. Rxe8+ Rxe8 18. Re1 Rd8 19. a3 Nf4 20. Ne5 Nxe5 21.
Qxf4 f6 22. h4 Qe7 23. Re3 Qd6 24. h5 Bh7 25. Nf5 Bxf5 26. Qxf5 Rd7 27. f4 Qd4
28. Qe4 Ng4 29. Qxd4 cxd4 30. Re4 f5 31. Re8+ Kf7 32. Rc8 Ne3 33. Be2 Nd5 34.
g3 Re7 35. Kf2 Ne3 36. c4 dxc3 37. bxc3 Nc2 38. a4 Na1 39. d4 Rd7 40. Bb5 Rd6
41. Rc7+ Kf6 42. Bc4 {Normal} 1-0

[Event "Rated Blitz tournament vaURZw6X"]
[Site "?"]
[Date "2021.10.30"]
[Round "?"]
[White "Saparmyrat"]
[Black "dr_xStranger"]
[Result "0-1"]
[WhiteElo "2635"]
[BlackElo "2644"]
[PlyCount "76"]
[EventDate "2021.??.??"]
[EventType "blitz"]

1. e4 e5 2. Nf3 d5 3. Nxe5 Bd6 4. d4 dxe4 5. Nc4 Nf6 6. Nc3 O-O 7. Bg5 Nc6 8.
Be2 Re8 9. Qd2 h6 10. Bh4 g5 11. Nxd6 Qxd6 12. Bg3 Qxd4 13. O-O-O Qxd2+ 14.
Rxd2 Be6 15. Nb5 Red8 16. Nxc7 Rxd2 17. Kxd2 Rd8+ 18. Kc1 Nd4 19. Bd1 Nc6 20.
Nxe6 fxe6 21. h4 g4 22. h5 Kf7 23. Bf4 Kg7 24. Rh4 e5 25. Bg3 Kf7 26. Bxg4 e3
27. fxe3 Rg8 28. Bxe5 Nxe5 29. Bf3 b6 30. Kd2 Rg5 31. Ra4 a5 32. b4 b5 33. Rxa5
Nc4+ 34. Kc3 Nxa5 35. bxa5 Nd5+ 36. Kd4 Nc7 37. Bb7 b4 38. a6 Ra5 {Normal} 0-1

[Event "Rated Blitz game"]
[Site "?"]
[Date "2021.10.30"]
[Round "?"]
[White "benkkulix"]
[Black "Annali-annaliew1979"]
[Result "0-1"]
[WhiteElo "2333"]
[BlackElo "2465"]
[PlyCount "60"]
[EventDate "2021.??.??"]
[EventType "blitz"]

1. e4 e5 2. Nf3 d5 3. Nxe5 Qe7 4. d4 f6 5. Qh5+ g6 6. Nxg6 Qxe4+ 7. Be3 Qxg6 8.
Qxd5 Ne7 9. Qb5+ c6 10. Qb3 Nd7 11. Nd2 Nb6 12. O-O-O Bf5 13. Nf3 Be4 14. Re1
O-O-O 15. Bf4 Ned5 16. Bg3 Bh6+ 17. Kb1 Bxf3 18. gxf3 Bf4 19. Bh3+ f5 20. Re5
Bxe5 21. Bxe5 Rhe8 22. Qd3 Rf8 23. f4 Qh5 24. b3 Nd7 25. Rg1 Rf7 26. Rg5 Qh4
27. Bxf5 Qxf2 28. Bxh7 Nxe5 29. fxe5 Rf3 30. Rf5 Qe1+ {Normal} 0-1

[Event "Rated Blitz game"]
[Site "?"]
[Date "2021.10.30"]
[Round "?"]
[White "delagente"]
[Black "Veronica_Mars"]
[Result "0-1"]
[WhiteElo "2396"]
[BlackElo "2437"]
[PlyCount "134"]
[EventDate "2021.??.??"]
[EventType "blitz"]

1. e4 e5 2. Nf3 d5 3. exd5 Bd6 4. d4 e4 5. Ne5 Nf6 6. c4 Qe7 7. Bf4 Nbd7 8. Nc3
Nxe5 9. dxe5 Bxe5 10. Qd2 O-O 11. Be2 Re8 12. O-O Qd6 13. Bxe5 Qxe5 14. Rae1
Bg4 15. h3 Bf5 16. Bd1 Rad8 17. f3 e3 18. Qe2 c6 19. Bb3 cxd5 20. cxd5 Qd4 21.
Rd1 Qf4 22. Rfe1 Qg3 23. Kh1 Nh5 24. Qf1 Nf4 25. Ne2 Qg5 26. Nxf4 Qxf4 27. Qc4
Qg3 28. Re2 Bxh3 29. gxh3 Qxh3+ 30. Kg1 Re5 31. Rg2 Rh5 32. Kf1 Qxf3+ 33. Kg1
Rh3 34. Qg4 Qxg4 35. Rxg4 Re8 36. d6 e2 37. Re1 Rd3 38. Rf4 Rf8 39. Rxe2 Rxd6
40. Re7 Rf6 41. Rxf6 gxf6 42. Rxb7 a5 43. a4 Kg7 44. Kg2 Kg6 45. Bc2+ Kg5 46.
Rb5+ Kh6 47. Rxa5 Kg7 48. Rb5 Rd8 49. Kf3 Rd2 50. Rb3 Rh2 51. Be4 Rh3+ 52. Kf4
Rxb3 53. a5 Rxb2 54. a6 Ra2 55. Bb7 Ra5 56. Ke4 h5 57. Kd4 h4 58. Kc4 Rxa6 59.
Kb4 Kh6 60. Bxa6 Kg5 61. Bf1 f5 62. Bh3 f4 63. Bg2 Kh5 64. Bf1 f5 65. Bg2 Kg4
66. Bh1 Kg3 67. Bg2 h3 {Time forfeit} 0-1

[Event "Rated Blitz tournament vaURZw6X"]
[Site "?"]
[Date "2021.10.30"]
[Round "?"]
[White "Clownlaughsatyou"]
[Black "dr_xStranger"]
[Result "0-1"]
[WhiteElo "2553"]
[BlackElo "2658"]
[PlyCount "91"]
[EventDate "2021.??.??"]
[EventType "blitz"]

1. e4 e5 2. Nf3 d5 3. exd5 e4 4. Qe2 Nf6 5. d3 Bb4+ 6. Bd2 O-O 7. dxe4 Re8 8.
Qd1 Nxe4 9. Be2 Bc5 10. O-O Qxd5 11. Nc3 Nxc3 12. Bxc3 Qxd1 13. Raxd1 Nc6 14.
Bc4 Be6 15. Bxe6 Rxe6 16. Rd7 Bd6 17. Ng5 Rh6 18. g3 Rf8 19. Re1 Nb8 20. Rxd6
cxd6 21. Re7 Rg6 22. h4 h6 23. Nh3 Re6 24. Rxb7 Re2 25. Nf4 Rxc2 26. Rxa7 Nc6
27. Rd7 Rd8 28. Rxd8+ Nxd8 29. Nd5 Nc6 30. a4 f6 31. a5 Rc1+ 32. Kg2 Ra1 33. b4
Ra3 34. a6 Na7 35. Kf1 Rxa6 36. Ke2 Nb5 37. Kd3 Rc6 38. Bd2 Kf7 39. Nc3 Nxc3
40. Bxc3 Ke6 41. b5 Rc5 42. b6 Rb5 43. Bd4 Kd5 44. Be3 Rb3+ 45. Kc2 Kc4 46. b7
{Normal} 0-1

[Event "Rated Blitz game"]
[Site "?"]
[Date "2021.10.30"]
[Round "?"]
[White "Chessnerd87"]
[Black "mehditarkibi"]
[Result "0-1"]
[WhiteElo "2356"]
[BlackElo "2402"]
[PlyCount "42"]
[EventDate "2021.??.??"]
[EventType "blitz"]

1. e4 e5 2. Nf3 d5 3. Qe2 dxe4 4. Qxe4 Nc6 5. Bb5 Bd7 6. Bxc6 Bxc6 7. Qxe5+ Be7
8. Qg3 Nf6 9. O-O O-O 10. Nc3 Bd6 11. Qh4 Bxf3 12. gxf3 Kh8 13. d3 Be7 14. Qh3
c6 15. Ne4 Nxe4 16. fxe4 Qd6 17. f4 f5 18. Qe3 fxe4 19. dxe4 Rae8 20. e5 Qd5
21. Bd2 Bc5 {Normal} 0-1

[Event "Rated Blitz tournament FXodmVtT"]
[Site "?"]
[Date "2021.10.30"]
[Round "?"]
[White "Andrej-70"]
[Black "Amurskayakula11"]
[Result "1-0"]
[WhiteElo "2435"]
[BlackElo "2346"]
[PlyCount "87"]
[EventDate "2021.??.??"]
[EventType "blitz"]

1. e4 e5 2. Nf3 d5 3. exd5 e4 4. Qe2 Nf6 5. d3 Qxd5 6. Nc3 Bb4 7. Bd2 Bxc3 8.
Bxc3 O-O 9. dxe4 Qxe4 10. Bxf6 Qxe2+ 11. Bxe2 gxf6 12. O-O-O Nc6 13. Rhe1 Be6
14. Bb5 Nb4 15. a3 Nd5 16. Nd4 Nf4 17. g3 Nh3 18. Nxe6 fxe6 19. Rxe6 Nxf2 20.
Rd7 Rad8 21. Ree7 Rxd7 22. Rxd7 Rc8 23. Bc4+ Kh8 24. b4 Ne4 25. Bd3 f5 26. c4
Kg8 27. c5 Nf6 28. Rd4 Kg7 29. Bxf5 Re8 30. Kd2 Re7 31. h4 h6 32. g4 b6 33. g5
hxg5 34. hxg5 Nh7 35. g6 Nf8 36. c6 Ne6 37. Rd7 Rxd7+ 38. cxd7 Nd8 39. Ke3 c5
40. bxc5 bxc5 41. Kd3 a5 42. Kc4 Nb7 43. Be4 Nd8 44. Kxc5 {Normal} 1-0

[Event "Rated Blitz game"]
[Site "?"]
[Date "2021.10.30"]
[Round "?"]
[White "Thepousseurdebois"]
[Black "Annali-annaliew1979"]
[Result "1/2-1/2"]
[WhiteElo "2488"]
[BlackElo "2472"]
[PlyCount "155"]
[EventDate "2021.??.??"]
[EventType "blitz"]

1. e4 e5 2. Nf3 d5 3. Nc3 dxe4 4. Nxe4 f5 5. Nxe5 fxe4 6. Qh5+ g6 7. Nxg6 hxg6
8. Qxh8 Be6 9. Qe5 Qe7 10. Qxe4 Nc6 11. Be2 Nf6 12. Qh4 O-O-O 13. c3 Bg4 14. f3
Re8 15. Qf2 Bf5 16. Kf1 Ne5 17. Qe3 Qd7 18. Qxa7 Qc6 19. d4 Nd3 20. Bg5 Nh7 21.
Bd2 Bd6 22. Qa8+ Kd7 23. Qa5 b6 24. d5 bxa5 25. dxc6+ Kxc6 26. b3 Nf4 27. Bc4
Nf6 28. Re1 Rh8 29. Kf2 N6d5 30. Bxd5+ Kxd5 31. Bxf4 Bxf4 32. g3 Be5 33. c4+
Kd6 34. Rd1+ Kc6 35. f4 Bd6 36. h4 Bg4 37. Rd5 Bc5+ 38. Rxc5+ Kxc5 39. Re1 Rd8
40. Re5+ Kb4 41. Rb5+ Kc3 42. Rxa5 Rd2+ 43. Kf1 Kd3 44. Rd5+ Ke3 45. Rxd2 Kxd2
46. a4 Kc3 47. a5 Bf3 48. Kf2 Ba8 49. g4 Kxb3 50. h5 gxh5 51. gxh5 Kxc4 52. h6
Kb5 53. h7 Kxa5 54. h8=Q Bd5 55. Qe5 c6 56. f5 Kb6 57. f6 Kb7 58. Qxd5 cxd5 59.
f7 Kc6 60. f8=N d4 61. Ke2 Kd5 62. Kd3 Ke5 63. Ng6+ Kf6 64. Nf4 Kf5 65. Ne2 Ke5
66. Nc1 Kd5 67. Nb3 Kd6 68. Nd2 Kd7 69. Ne4 Kd8 70. Kc4 Ke8 71. Nd2 Kf7 72. Kd5
Kg6 73. Ke5 Kh5 74. Nf3 Kg4 75. Nd2 Kg3 76. Ke4 Kf2 77. Kd3 Ke1 78. Kxd4 {
Normal} 1/2-1/2

[Event "Rated Blitz game"]
[Site "?"]
[Date "2021.10.30"]
[Round "?"]
[White "RiseLikeAPhoenix"]
[Black "King_bg03"]
[Result "1-0"]
[WhiteElo "2566"]
[BlackElo "2590"]
[PlyCount "75"]
[EventDate "2021.??.??"]
[EventType "blitz"]

1. e4 e5 2. Nf3 d5 3. exd5 e4 4. Qe2 Qe7 5. Nd4 Nf6 6. c4 Nbd7 7. d3 Nc5 8.
dxe4 Ncxe4 9. f3 Nc5 10. Qxe7+ Bxe7 11. Nc3 O-O 12. Bf4 Bd6 13. Bxd6 Re8+ 14.
Kf2 cxd6 15. Ncb5 Rd8 16. b4 Na6 17. a3 Ne8 18. Bd3 Nac7 19. Nc3 Bd7 20. Rhe1
Nf6 21. g4 h6 22. h4 Re8 23. g5 hxg5 24. hxg5 Nh5 25. Ne4 Nf4 26. Bf1 Bh3 27.
Kg3 Bxf1 28. Rxf1 Nh5+ 29. Kg4 g6 30. Nxd6 Re3 31. Rfe1 Rd3 32. Red1 Re3 33.
Re1 Rd3 34. Re4 Rd2 35. Rae1 Rg2+ 36. Kh3 Rg3+ 37. Kh4 Rxg5 38. Kxg5 {Normal}
1-0